Регионална библиотека "Любен Каравелов" - Русе

Лари Фари Шмекелари (Запис номер 149057)

MARC детайли
000 -Лидер
Контролно поле с фиксирана дължина 01447nam a2200349 a 4500
003 - Код на организацията, давaща контролен номер
Контролно поле BLK
005 - Дата и час на последна редакция
Контролно поле 20240614171132.0
008 - Елементи от данни с фиксирана дължина
fixed length control field 180410b bul|||||r ||||||| ||bul||
010 ## - Наследен системен номер
LC control number KNG00155295000
040 ## - Източник на каталожния запис
Идентификатор на билиотеката - собственик на записа BLK
041 ## - Код за език
Код за езика на текст/звукозапис или на отделно заглавие Български
Код за езика КДБФ Български
080 ## - УДК
Текстов определител УДК Немска литература
УДК код - определител по УДК 821.112.2
УДК определител -93-32
УДК - код + определител 821.112.2-93-32
100 1# - Редна дума - Автор
Автор Янош
Авторска отговорност първи автор
Автор - информация (биография) Екерт, Хорст
R(LIN) 367592
139 ## - Редно поле
Редна дума Янош
245 10 - Сведения за заглавието
Заглавие Лари Фари Шмекелари
Подзаглавни данни Приказна повест
Редно поле (дума) Янош; прев. от нем. Николай Димитров Краев.
257 ## - Страна на издаване
Страна на създаване/издаване Германия
260 ## - Област на издателските данни
Място на издаване, разпространение и проч. София
Име на издателя, разпространителя и проч. Отечество
Година на издаване 1979
Печатница София : ДПК Д. Благоев
300 ## - Физическа характеристика
Страници 71 с.
Илюстрации и др. с ил.
Размери/Мащаб 22 см
380 ## - Жанр
Жанр Детска худож. лит.
500 ## - Общи забележки
Забележка Ориг. загл. Lari, Fari Modelzahn. - Истинското име на авт. е Хорст Екерт. - 45 115 тир.
653 ## - Ключова дума – ненормативна
Ключова дума детска литература
653 ## - Ключова дума – ненормативна
Ключова дума литература за деца
700 1# - Други автори (авторска отговорност)
Лично име Краев, Николай Димитров
Автороска отговорност (Описва отношението между автора и произведението) прев. от нем.
9 (RLIN) 380379
700 1# - Други автори (авторска отговорност)
Лично име Екерт, Хорст
Автороска отговорност (Описва отношението между автора и произведението) *
9 (RLIN) 277249
852 ## - Местоположение
Форматна сигнатура Цб 265899
856 4# - Електронен адрес и достъп
Електронен формат pdf - файл
Инструкция (цена за достъп) 0.00
Права за достъп disable
856 4# - Електронен адрес и достъп
Електронен формат pdf - файл
Инструкция (цена за достъп) 0.00
Права за достъп disable
999 ## - СИСТЕМНИ КОНТРОЛНИ НОМЕРА
Koha biblionumber 149057
Koha biblioitemnumber 149057
942 ## - АРТИКУЛИ
Вид на библиотечния материал Книги
Скрит в OPAC Не
Koha issues (borrowed), all copies 4
Периодичен библиозапис Да
944 ## - СЪЗДАВАНЕ И РЕДАКЦИЯ на ЗАПИСА
Създаване/Редакция Създаване
Дата на регистрацията/редакция 06.01.2014
Статус, дата на статуса Мира Стойчева
Служител, извършил регистрацията/редакцията 30532
944 ## - СЪЗДАВАНЕ И РЕДАКЦИЯ на ЗАПИСА
Създаване/Редакция Редакция
Дата на регистрацията/редакция 2023-01-26
Статус, дата на статуса 2023-01-26
Служител, извършил регистрацията/редакцията ир
999 ## - СИСТЕМНИ КОНТРОЛНИ НОМЕРА
Koha biblioitemnumber 149057
Наличности
Код за отписване Код за изгубен артикул Източник на класификационната схема Код за повреда Коз за рестрикции Код за отдаване Артикулен № Име на библиотеката - собственик Име на библиотеката, в която се намира в момента Статус (Текущо местоположение) Дата на вписване в системата Местоположение - отдел Цена в лева Инвентарен номер Систематично азбучна сигнатура Баркод Номер на екземпляра Цена в евро Служебна бележка Служебен тип на артикула Бележка за публиката
  Не е изгубен Universal Decimal Classification Не е повреден само за читалня ползва се в читалня 248620 Регионална библиотека "Любен Каравелов" Русе Регионална библиотека "Любен Каравелов" Русе Хранилище 1979-01-01 Хранилище 0.90 283691 Цб 265899 120000283691 1 0.46 N: стар фонд Дата: 01.01.1979 Книги  
Изтеглен Не е изгубен   Не е повреден без рестрикции заемане за дома 248621 Регионална библиотека "Любен Каравелов" Русе Регионална библиотека "Любен Каравелов" Русе   1979-01-01 Детски отдел 0.90 284542 ДХ 820/899/Я 65 284542 2 0.46 N: стар фонд Дата: 01.01.1979 Дата инв: 07.10.2015 Бележки инв: Д2015 Книги Отч.N: 35/2017 , Дата: 05.09.2017
  Не е изгубен Universal Decimal Classification Не е повреден без рестрикции заемане за дома 248622 Регионална библиотека "Любен Каравелов" Русе Регионална библиотека "Любен Каравелов" Русе Детски отдел 1979-01-01 Детски отдел 0.90 284543 ДХ 820/899/Я 65 120000284543 3 0.46 N: стар фонд Дата: 01.01.1979 Дата инв: 07.10.2015 Бележки инв: Д2015 Книги  
Изтеглен Не е изгубен Universal Decimal Classification Не е повреден без рестрикции заемане за дома 248623 Регионална библиотека "Любен Каравелов" Русе Регионална библиотека "Любен Каравелов" Русе Детски отдел 1979-01-01 Детски отдел 0.90 284544 ДХ 820/899/Я 65 284544 4 0.46 N: стар фонд Дата: 01.01.1979 Дата инв: 14.08.2015 Бележки инв: Д2015 Книги  
Изтеглен Не е изгубен   Не е повреден без рестрикции заемане за дома 248624 Регионална библиотека "Любен Каравелов" Русе Регионална библиотека "Любен Каравелов" Русе   1979-01-01 Детски отдел 0.90 284545 ДХ 820/899/Я 65 284545 5 0.46 N: стар фонд Дата: 01.01.1979 Дата инв: 07.10.2015 Бележки инв: Д2015 Книги Отч.N: 43/17 , Дата: 08.09.2017
Изтеглен Не е изгубен Universal Decimal Classification Не е повреден без рестрикции заемане за дома 248625 Регионална библиотека "Любен Каравелов" Русе Регионална библиотека "Любен Каравелов" Русе Детски отдел 1979-01-01 Детски отдел 0.90 284548 ДХ 820/899/Я 65 284548 6 0.46 N: стар фонд Дата: 01.01.1979 Дата инв: 11.08.2015 Бележки инв: Д2015 Книги  
  Не е изгубен Universal Decimal Classification Не е повреден без рестрикции заемане за дома 248626 Регионална библиотека "Любен Каравелов" Русе Регионална библиотека "Любен Каравелов" Русе Детски отдел 1979-01-01 Детски отдел 0.90 284550 ДХ 820/899/Я 65 120000284550 7 0.46 N: стар фонд Дата: 01.01.1979 Дата инв: 14.08.2015 Бележки инв: Д2015 Книги  
Vip Innovations Ltd, Rousse, Bulgaria 2025